[Event "22MCRW_F"]
[Site "?"]
[Date "2010.??.??"]
[Round "?"]
[White "Vozda, Jindrich"]
[Black "Bucek, Jiri"]
[Result "1/2-1/2"]
[WhiteElo "2471"]
[BlackElo "2412"]
[PlyCount "92"]
[EventDate "2010.??.??"]
[EventType "corr"]
[EventRounds "1"]
[SourceDate "2010.03.27"]

1. e4 c5 2. Nf3 d6 3. d4 cxd4 4. Nxd4 Nf6 5. Nc3 g6 6. Be3 Bg7 7. f3 Nc6 8. Qd2
O-O 9. O-O-O d5 10. exd5 Nxd5 11. Nxc6 bxc6 12. Nxd5 cxd5 13. Qxd5 Qc7 14. Qc5
Qb7 15. Qa3 Bf5 16. Bd3 Rab8 17. b3 Qc6 18. Qa5 Rfc8 19. Bxf5 gxf5 20. c4 Qe6
21. Rd3 Rxc4+ 22. Kb1 Rcc8 23. Rhd1 a6 24. Ba7 Ra8 25. Bd4 Rc6 26. Bxg7 Kxg7
27. Qd2 Qf6 28. f4 Rac8 29. Rg3+ Kh6 30. Re1 Rc2 31. Qxc2 Rxc2 32. Kxc2 Qb6 33.
Rf1 Qc6+ 34. Kb2 Qd5 35. Rh3+ Kg6 36. Rhf3 f6 37. Rg3+ Kf7 38. Kc1 Qd4 39. Kc2
Qe4+ 40. Kd2 e5 41. fxe5 Qxe5 42. Rgf3 Qb2+ 43. Ke3 Qxa2 44. Rxf5 Qxb3+ 45. Kd2
Qb2+ 46. Kd3 Qb3+ 1/2-1/2

[Event "22MCRW_F"]
[Site "?"]
[Date "2010.??.??"]
[Round "?"]
[White "Kyhos, Alois"]
[Black "Nejtek, Jiri"]
[Result "1/2-1/2"]
[WhiteElo "2352"]
[BlackElo "2449"]
[PlyCount "72"]
[EventDate "2010.??.??"]
[EventType "corr"]
[EventRounds "1"]
[SourceDate "2010.03.27"]

1. e4 e5 2. Nf3 Nc6 3. d4 exd4 4. Nxd4 Bc5 5. Be3 Qf6 6. c3 Nge7 7. Bc4 Ne5 8.
Be2 Qg6 9. O-O d6 10. f3 O-O 11. Nd2 d5 12. Kh1 Bb6 13. Bf4 f6 14. Bg3 dxe4 15.
fxe4 N7c6 16. Nc4 Qxe4 17. Nxe5 Nxe5 18. Qb3+ Kh8 19. Rae1 Nd3 20. Qc2 Nc5 21.
Qd1 a5 22. Bf3 Qd3 23. Re7 Qxd1 24. Bxd1 c6 25. Bd6 Rd8 26. Rfe1 Bd7 27. Bc2
Na6 28. h3 Re8 29. Nf3 Rxe7 30. Rxe7 Rd8 31. Ne5 fxe5 32. Bxe5 Kg8 33. Bb3+ Kf8
34. Bd6 Bc8 35. Rd7+ Ke8 36. Re7+ Kf8 1/2-1/2

[Event "22MCRW_F"]
[Site "?"]
[Date "2010.??.??"]
[Round "?"]
[White "Laurenc, Petr"]
[Black "Binas, Jindrich"]
[Result "1/2-1/2"]
[WhiteElo "2349"]
[BlackElo "2197"]
[PlyCount "70"]
[EventDate "2010.??.??"]
[EventType "corr"]
[EventRounds "1"]
[SourceDate "2010.03.27"]

1. e4 c5 2. Nf3 d6 3. d4 cxd4 4. Nxd4 Nf6 5. Nc3 a6 6. Bg5 e6 7. f4 Qb6 8. Qd3
Qxb2 9. Rb1 Qa3 10. f5 Be7 11. Be2 Qa5 12. Bd2 Qc7 13. fxe6 fxe6 14. O-O Nc6
15. Qc4 Qd7 16. Na4 Nxd4 17. Qxd4 e5 18. Qb4 d5 19. Qb3 b5 20. Nc3 Bb7 21. exd5
Rc8 22. Bd3 Rxc3 23. Bxc3 Bxd5 24. Bxb5 Qxb5 25. Qxb5+ axb5 26. Rxb5 Kd7 27.
Rxf6 gxf6 28. Rxd5+ Ke6 29. Rb5 Rc8 30. Rb3 Ra8 31. Rb2 Bc5+ 32. Kf1 Ra3 33.
Bb4 Bxb4 34. Rxb4 Rxa2 35. Rh4 Rxc2 1/2-1/2

[Event "22MCRW_F"]
[Site "?"]
[Date "2010.??.??"]
[Round "?"]
[White "Novak, Vratislav"]
[Black "Laurenc, Petr"]
[Result "1/2-1/2"]
[WhiteElo "2337"]
[BlackElo "2349"]
[PlyCount "59"]
[EventDate "2010.??.??"]
[EventType "corr"]
[EventRounds "1"]
[SourceDate "2010.03.27"]

1. e4 e5 2. Nf3 Nc6 3. Bb5 a6 4. Ba4 Nf6 5. O-O Be7 6. Re1 b5 7. Bb3 d6 8. c3
O-O 9. h3 Na5 10. Bc2 c5 11. d4 Qc7 12. Nbd2 cxd4 13. cxd4 Nc6 14. Nb3 a5 15.
Be3 a4 16. Nbd2 Bd7 17. Rc1 Rac8 18. Nf1 Qb7 19. Ng3 exd4 20. Nxd4 g6 21. b3
Nb4 22. Bb1 Rxc1 23. Qxc1 Rc8 24. Qd2 Nc6 25. Bg5 Qb6 26. Nxc6 Bxc6 27. Rc1
axb3 28. axb3 Bb7 29. Rxc8+ Bxc8 30. b4 1/2-1/2

[Event "22MCRW_F"]
[Site "?"]
[Date "2010.??.??"]
[Round "?"]
[White "Nejtek, Jiri"]
[Black "Hladecek, Miloslav"]
[Result "1/2-1/2"]
[WhiteElo "2449"]
[BlackElo "2416"]
[PlyCount "92"]
[EventDate "2010.??.??"]
[EventType "corr"]
[EventRounds "1"]
[SourceDate "2010.03.27"]

1. Nf3 Nf6 2. d4 c5 3. c3 e6 4. e3 d5 5. Bd3 b6 6. O-O Be7 7. Ne5 O-O 8. f4 Bb7
9. Qf3 Ne4 10. Nd2 f6 11. Ng4 f5 12. Ne5 Nc6 13. Qe2 Nxe5 14. dxe5 Qe8 15. c4
Rd8 16. cxd5 Bxd5 17. Nxe4 Bxe4 18. Bb5 Bc6 19. a4 a5 20. Bc4 Bxa4 21. e4 fxe4
22. Bxe6+ Kh8 23. Be3 Bd7 24. Bd5 Bc6 25. Be6 Rd4 26. f5 Bb5 27. Qg4 Bxf1 28.
Rxf1 a4 29. h4 Rd3 30. f6 gxf6 31. Bh6 Qg6 32. Bxf8 Qxg4 33. Bxg4 Bxf8 34. Rxf6
Bg7 35. Re6 Rd8 36. Be2 e3 37. g4 Kg8 38. Bb5 Kf7 39. Rd6 Rxd6 40. exd6 Bxb2
41. d7 Ke7 42. Bxa4 Be5 43. Kf1 Bg3 44. Ke2 Bxh4 45. Kxe3 Kd6 46. Ke4 Ke6
1/2-1/2

[Event "22MCRW_F"]
[Site "?"]
[Date "2010.??.??"]
[Round "?"]
[White "Bucek, Jiri"]
[Black "Kyhos, Alois"]
[Result "1-0"]
[WhiteElo "2412"]
[BlackElo "2352"]
[PlyCount "139"]
[EventDate "2010.??.??"]
[EventType "corr"]
[EventRounds "1"]
[SourceDate "2010.03.27"]

1. e4 e5 2. Nf3 Nc6 3. Bb5 a6 4. Ba4 Nf6 5. O-O Be7 6. Re1 b5 7. Bb3 O-O 8. d3
Bb7 9. a4 d6 10. Nc3 Na5 11. Ba2 b4 12. Ne2 Rb8 13. Ng3 c5 14. Bd2 Bc8 15. h3
Qc7 16. Nh4 g6 17. Nf3 Re8 18. Qe2 Bd7 19. Nf1 Nh5 20. Ne3 Nf4 21. Qd1 Qc8 22.
Nh2 Be6 23. Bxe6 Qxe6 24. h4 Nc6 25. g3 Nh5 26. Nd5 Rb7 27. c4 bxc3 28. bxc3
Kg7 29. Qc2 Nf6 30. Nxf6 Bxf6 31. Rab1 Rbb8 32. Nf1 Ne7 33. Ne3 d5 34. Qa2 Rxb1
35. Rxb1 Rd8 36. Bc1 Qd6 37. Ba3 h5 38. Qb3 g5 39. Qd1 gxh4 40. Qxh5 dxe4 41.
Rb7 Qe6 42. dxe4 hxg3 43. Bxc5 gxf2+ 44. Kf1 Kg8 45. Rb6 Qa2 46. Bxe7 Bxe7 47.
Qg4+ Kf8 48. Qh3 f6 49. Rb7 Re8 50. Qh8+ Qg8 51. Qxg8+ Kxg8 52. Nd5 Kf8 53.
Kxf2 Bc5+ 54. Ke2 Re6 55. Rc7 Bd6 56. Rc6 Kf7 57. Rxa6 Bc5 58. Ra8 Rd6 59. a5
f5 60. Rc8 Bg1 61. Rc7+ Kg6 62. Kf3 Kh6 63. Rf7 Kg6 64. Rf8 fxe4+ 65. Kxe4 Kg7
66. Rf5 Rg6 67. Rxe5 Kf7 68. Rf5+ Ke8 69. a6 Kd7 70. Rf7+ 1-0

[Event "22MCRW_F"]
[Site "?"]
[Date "2010.??.??"]
[Round "?"]
[White "Pravec, Ladislav"]
[Black "Vozda, Jindrich"]
[Result "1/2-1/2"]
[WhiteElo "2335"]
[BlackElo "2471"]
[PlyCount "49"]
[EventDate "2010.??.??"]
[EventType "corr"]
[EventRounds "1"]
[SourceDate "2010.03.27"]

1. d4 Nf6 2. c4 c5 3. d5 e6 4. Nc3 exd5 5. cxd5 Bd6 6. Nf3 O-O 7. Bg5 Re8 8. e3
Bf8 9. Bd3 d6 10. h3 h6 11. Bh4 a6 12. a4 Nbd7 13. O-O b6 14. Bg3 Bb7 15. Qb3
Ne5 16. Nxe5 dxe5 17. Rad1 Bd6 18. Bh4 g5 19. Bg3 e4 20. Bc2 Bc8 21. Qc4 a5 22.
Qb3 Ba6 23. Nb5 Bxb5 24. Qxb5 Kg7 25. Qc4 1/2-1/2

[Event "22MCRW_F"]
[Site "?"]
[Date "2010.??.??"]
[Round "?"]
[White "Kuta, Jiri"]
[Black "Valak, Alois"]
[Result "0-1"]
[WhiteElo "2410"]
[BlackElo "2439"]
[PlyCount "148"]
[EventDate "2010.??.??"]
[EventType "corr"]
[EventRounds "1"]
[SourceDate "2010.03.27"]

1. e4 e5 2. Nf3 Nc6 3. Bb5 a6 4. Ba4 Nf6 5. O-O Be7 6. Re1 b5 7. Bb3 d6 8. c3
O-O 9. h3 Bb7 10. d4 Re8 11. Nbd2 Bf8 12. a4 h6 13. Bc2 exd4 14. cxd4 Nb4 15.
Bb1 c5 16. d5 Nd7 17. Ra3 g6 18. Nf1 Bg7 19. a5 Rc8 20. Re2 Kh7 21. Bf4 Qf6 22.
Be3 Rc7 23. Qd2 Qd8 24. Ng3 Nf6 25. Re1 Rce7 26. Bf4 Ba8 27. Qc1 c4 28. Ree3
Nd3 29. Raxd3 cxd3 30. Bxd3 Rc7 31. Qd2 Bf8 32. Re1 Nd7 33. Bb1 Ne5 34. Nxe5
dxe5 35. Be3 Rc4 36. Rd1 Bb4 37. Qe2 Qd6 38. Qf3 Rf8 39. Bc1 h5 40. Qe3 Rh8 41.
Bd3 Rc7 42. Bd2 Bxd2 43. Qxd2 Bb7 44. Nf1 f6 45. Ne3 Kg7 46. Bc2 Bc8 47. Bd3
Rf8 48. Bb1 Qc5 49. Ba2 Bd7 50. d6 Rc6 51. b4 Qc3 52. Qxc3 Rxc3 53. Nd5 Rc6 54.
Ne7 Rc2 55. Bd5 Rd8 56. Bb7 Rc4 57. Rb1 Rb8 58. Bd5 Rc3 59. Rd1 Be8 60. f3 Rd8
61. Bb7 Rc4 62. Bxa6 Rxb4 63. Bb7 Rd4 64. Re1 Ra4 65. a6 Rxd6 66. a7 Rxa7 67.
Nc8 Rd7 68. Bc6 Ra2 69. Bxd7 Bxd7 70. Ne7 Kf7 71. Nd5 Be6 72. Nb4 Rb2 73. Nd3
Rd2 74. Nb4 Bc4 0-1

[Event "22MCRW_F"]
[Site "?"]
[Date "2010.??.??"]
[Round "?"]
[White "Hybl, Vladislav"]
[Black "Machotka, Jaroslav"]
[Result "1-0"]
[WhiteElo "2342"]
[BlackElo "2200"]
[PlyCount "123"]
[EventDate "2010.??.??"]
[EventType "corr"]
[EventRounds "1"]
[SourceDate "2010.03.27"]

1. e4 e5 2. Nf3 Nc6 3. Bb5 a6 4. Ba4 Nf6 5. O-O Be7 6. Re1 b5 7. Bb3 d6 8. c3
O-O 9. h3 Na5 10. Bc2 c5 11. d4 Qc7 12. Nbd2 cxd4 13. cxd4 Bb7 14. d5 Rac8 15.
Bd3 Nd7 16. Nf1 f5 17. Ng3 f4 18. Nf5 Bd8 19. b3 Nc5 20. Ba3 g6 21. Nh6+ Kg7
22. Rc1 Kxh6 23. b4 Be7 24. bxc5 dxc5 25. Qd2 Bd6 26. Bb4 cxb4 27. Rxc7 Rxc7
28. Rc1 Nc4 29. Qe2 Bc8 30. Nd2 Nxd2 31. Rxc7 Bxc7 32. Qxd2 Bd6 33. h4 Kg7 34.
f3 Bd7 35. g3 fxg3 36. Kg2 Rc8 37. Qe3 Bc5 38. Qg5 Re8 39. Qxg3 Bd4 40. f4 exf4
41. Qxf4 Be5 42. Qe3 Rf8 43. Qa7 Rf7 44. Qxa6 Bg4 45. Qb6 h5 46. Bxb5 Bf6 47.
Bd3 Bf3+ 48. Kg1 Bg4 49. Qxb4 Bxh4 50. Qb2+ Kh7 51. Be2 Rf4 52. Qe5 Rf2 53.
Bxg4 hxg4 54. Qc7+ Kh6 55. Qc8 Rxa2 56. Qxg4 Ra1+ 57. Kg2 Ra2+ 58. Kf3 Ra3+ 59.
Kf4 Be7 60. Qe6 Bg5+ 61. Ke5 Bh4 62. d6 1-0

[Event "22MCRW_F"]
[Site "?"]
[Date "2010.??.??"]
[Round "?"]
[White "Schwarz, Jan"]
[Black "Javorsky, Jan"]
[Result "0-1"]
[WhiteElo "2312"]
[BlackElo "2320"]
[PlyCount "86"]
[EventDate "2010.??.??"]
[EventType "corr"]
[EventRounds "1"]
[SourceDate "2010.03.27"]

1. e4 e6 2. d4 d5 3. Nc3 Nf6 4. Bg5 Be7 5. e5 Nfd7 6. Bxe7 Qxe7 7. f4 a6 8. Nf3
c5 9. Qd2 Nc6 10. dxc5 Nxc5 11. Bd3 b5 12. O-O-O O-O 13. Kb1 b4 14. Ne2 a5 15.
Qe3 Nxd3 16. cxd3 Ba6 17. Ned4 Nxd4 18. Nxd4 Kh8 19. f5 exf5 20. Nxf5 Qe6 21.
Nd4 Qg6 22. h4 h6 23. h5 Qg4 24. g3 Rae8 25. Qf4 Qg5 26. Qxg5 hxg5 27. Rhe1 Kh7
28. Kc2 Bc8 29. Rc1 Kh6 30. Kb3 Kxh5 31. Rc5 Kg4 32. Rxa5 Kxg3 33. Rxd5 Rd8 34.
Rd6 g4 35. Re3+ Kf2 36. Re2+ Kf1 37. Rc2 Rxd6 38. exd6 g3 39. Kxb4 Bg4 40. Rc1+
Kf2 41. Rc2+ Ke3 42. Nc6 f5 43. Ne5 Be2 0-1

[Event "22MCRW_F"]
[Site "?"]
[Date "2010.??.??"]
[Round "?"]
[White "Sykora, Josef"]
[Black "Schwarz, Jan"]
[Result "1/2-1/2"]
[WhiteElo "2351"]
[BlackElo "2312"]
[PlyCount "75"]
[EventDate "2010.??.??"]
[EventType "corr"]
[EventRounds "1"]
[SourceDate "2010.03.27"]

1. d4 d5 2. c4 c6 3. Nf3 Nf6 4. e3 Bf5 5. Nc3 e6 6. Nh4 Bg6 7. Be2 Nbd7 8. O-O
Bd6 9. g3 Qe7 10. Qb3 Rb8 11. Bd2 O-O 12. Nxg6 hxg6 13. Rfd1 dxc4 14. Bxc4 e5
15. Bf1 g5 16. Bg2 g4 17. d5 e4 18. dxc6 bxc6 19. Qc2 Rfe8 20. a3 c5 21. Be1
Be5 22. Rac1 Bxc3 23. Bxc3 Ne5 24. Bxe5 Qxe5 25. b3 Kh7 26. Bf1 Re7 27. a4 Rc7
28. Bc4 Kg6 29. Qd2 Rb6 30. Bb5 Rc8 31. Qa5 Rc7 32. Rd8 Nh7 33. Rd7 Ng5 34.
Rxc7 Nf3+ 35. Kg2 Qxc7 36. b4 Qb8 37. Bd7 Ne5 38. bxc5 1/2-1/2

[Event "22MCRW_F"]
[Site "?"]
[Date "2010.??.??"]
[Round "?"]
[White "Machotka, Jaroslav"]
[Black "Nedoma, Petr"]
[Result "1/2-1/2"]
[WhiteElo "2200"]
[BlackElo "2395"]
[PlyCount "159"]
[EventDate "2010.??.??"]
[EventType "corr"]
[EventRounds "1"]
[SourceDate "2010.03.27"]

1. e4 c5 2. Nf3 Nc6 3. Bb5 d6 4. O-O Bd7 5. c3 a6 6. Ba4 Nf6 7. Re1 e5 8. d4 b5
9. Bc2 cxd4 10. cxd4 Bg4 11. Be3 exd4 12. Bxd4 Bxf3 13. gxf3 g6 14. a4 Bg7 15.
Be3 b4 16. Nd2 O-O 17. Nc4 Nh5 18. Qxd6 Ne5 19. Qxd8 Nxf3+ 20. Kh1 Raxd8 21.
Red1 Nd4 22. Rac1 Nxc2 23. Rxd8 Rxd8 24. Rxc2 Nf6 25. Nd2 Ng4 26. Bb6 Rb8 27.
a5 Re8 28. Kg2 Ne5 29. Rc7 Nd3 30. Ra7 Bxb2 31. Rxa6 Bc3 32. Nb3 Rc8 33. Be3
Ne1+ 34. Kf1 Nc2 35. Bc5 Na1 36. Nxa1 Rxc5 37. Nb3 Rc4 38. Rb6 Rxe4 39. a6 Re7
40. Na5 b3 41. Nxb3 Ra7 42. f4 Kf8 43. Ke2 Ke8 44. Nc5 Kd8 45. Rb7 Rxb7 46.
Nxb7+ Kc7 47. Nd6 Kb8 48. Nxf7 Ka7 49. Ng5 Kxa6 50. Nxh7 Kb6 51. Kf3 Bb4 52.
Kg4 Be7 53. Ng5 Kc7 54. Nf7 Kd7 55. Nh8 Ke6 56. Nxg6 Bd8 57. Ne5 Kf6 58. Nc6
Bb6 59. Nb8 Kg6 60. Nd7 Ba5 61. h3 Bc3 62. Ne5+ Kf6 63. h4 Kg7 64. Kg5 Bb4 65.
Ng4 Be7+ 66. Kh5 Bd6 67. Ne5 Bb4 68. Nc6 Bc5 69. Kg5 Kh7 70. h5 Bd6 71. Ne5
Be7+ 72. Kg4 Bb4 73. Nf7 Kg7 74. Nd8 Kh6 75. Ne6 Bd6 76. f5 Be7 77. Nc7 Bg5 78.
Nd5 Bc1 79. f6 Bb2 80. Kf5 1/2-1/2

[Event "22MCRW_F"]
[Site "?"]
[Date "2010.??.??"]
[Round "?"]
[White "Valak, Alois"]
[Black "Hybl, Vladislav"]
[Result "1/2-1/2"]
[WhiteElo "2439"]
[BlackElo "2342"]
[PlyCount "79"]
[EventDate "2010.??.??"]
[EventType "corr"]
[EventRounds "1"]
[SourceDate "2010.03.27"]

1. e4 e6 2. d4 d5 3. Nc3 Nf6 4. Bg5 dxe4 5. Nxe4 Be7 6. Bxf6 Bxf6 7. Nf3 O-O 8.
Bc4 Nd7 9. Qe2 a6 10. O-O b5 11. Bd3 Bb7 12. c3 Be7 13. a4 b4 14. cxb4 Bxb4 15.
Rfd1 a5 16. Rac1 Bd5 17. Nc3 Bxc3 18. Rxc3 c6 19. Qc2 h6 20. Bh7+ Kh8 21. Be4
Rb8 22. Bxd5 cxd5 23. b3 Rb7 24. g3 Qb6 25. Rdd3 g6 26. Rc6 Qb4 27. Qe2 Rfb8
28. Kg2 Kh7 29. Qe3 Qe7 30. h4 Nf6 31. Ne5 Nd7 32. Rdc3 Nxe5 33. Qxe5 Qf8 34.
R3c5 Ra8 35. h5 gxh5 36. Qxh5 Qd8 37. f4 Qf6 38. Rb5 Rxb5 39. axb5 Qg6 40.
Qxg6+ 1/2-1/2

[Event "22MCRW_F"]
[Site "?"]
[Date "2010.??.??"]
[Round "?"]
[White "Vozda, Jindrich"]
[Black "Kuta, Jiri"]
[Result "0-1"]
[WhiteElo "2471"]
[BlackElo "2410"]
[PlyCount "82"]
[EventDate "2010.??.??"]
[EventType "corr"]
[EventRounds "1"]
[SourceDate "2010.03.27"]

1. e4 e5 2. Nf3 Nc6 3. Bb5 a6 4. Ba4 Nf6 5. O-O Be7 6. Re1 b5 7. Bb3 O-O 8. a4
b4 9. d4 d6 10. c3 bxc3 11. bxc3 Bg4 12. Be3 exd4 13. cxd4 d5 14. e5 Ne4 15. h3
Bh5 16. Nbd2 Rb8 17. Qc1 Nb4 18. Bc2 Nxd2 19. Nxd2 Nxc2 20. Qxc2 Bg6 21. Qa2 c5
22. dxc5 d4 23. Bf4 Bxc5 24. e6 Rc8 25. Rac1 Qe7 26. Nf3 d3 27. g3 Bb4 28. Rxc8
Rxc8 29. exf7+ Bxf7 30. Rxe7 Bxa2 31. Rd7 Bb3 32. Rxd3 Bxa4 33. Rd4 a5 34. Bd2
Rb8 35. Ne5 Be8 36. Kf1 Bxd2 37. Rxd2 a4 38. Ke2 Rb5 39. Nc4 Rb3 40. Rd8 Kf7
41. Rd3 Rxd3 0-1

[Event "22MCRW_F"]
[Site "?"]
[Date "2010.??.??"]
[Round "?"]
[White "Kyhos, Alois"]
[Black "Pravec, Ladislav"]
[Result "0-1"]
[WhiteElo "2352"]
[BlackElo "2335"]
[PlyCount "128"]
[EventDate "2010.??.??"]
[EventType "corr"]
[EventRounds "1"]
[SourceDate "2010.03.27"]

1. e4 c5 2. Nf3 Nc6 3. d4 cxd4 4. Nxd4 Nf6 5. Nc3 e5 6. Ndb5 d6 7. Bg5 a6 8.
Na3 b5 9. Bxf6 gxf6 10. Nd5 f5 11. Bd3 Be6 12. Qh5 Rg8 13. g3 Rg5 14. Qd1 Bxd5
15. exd5 Ne7 16. c3 Bh6 17. Be2 Qb6 18. Nc2 Kf8 19. a4 bxa4 20. Nb4 e4 21. Bxa6
Rxa6 22. Nxa6 Qxa6 23. Rxa4 Qb6 24. Rb4 Qc5 25. Qb3 f4 26. Rxe4 Nxd5 27. Qc4
Nf6 28. Qxc5 Rxc5 29. Rd4 Re5+ 30. Kd1 Ng4 31. Rf1 Nxh2 32. Rh1 Ng4 33. Rf1 Ra5
34. Kc2 Rf5 35. Ra1 Nxf2 36. Rxd6 Kg7 37. gxf4 Bxf4 38. Rg1+ Kf8 39. Rd8+ Ke7
40. Ra8 h5 41. Ra7+ Ke6 42. Ra6+ Bd6 43. Re1+ Kd7 44. Ra7+ Bc7 45. Rea1 Ng4 46.
R1a6 Ne5 47. Rh6 Ng6 48. b4 h4 49. Rh7 Kc6 50. c4 Rf2+ 51. Kb3 Rf3+ 52. Ka4 Rf4
53. c5 Nf8 54. Rh6+ Ne6 55. Rh5 h3 56. Rxh3 Nxc5+ 57. Ka3 Nb7 58. Ra6+ Bb6 59.
Rh6+ f6 60. Ra8 Nd6 61. Ka4 Kd5 62. Rh3 Rf1 63. Ra6 Bd4 64. Kb3 f5 0-1

[Event "22MCRW_F"]
[Site "?"]
[Date "2010.??.??"]
[Round "?"]
[White "Hladecek, Miloslav"]
[Black "Bucek, Jiri"]
[Result "1/2-1/2"]
[WhiteElo "2416"]
[BlackElo "2412"]
[PlyCount "92"]
[EventDate "2010.??.??"]
[EventType "corr"]
[EventRounds "1"]
[SourceDate "2010.03.27"]

1. d4 Nf6 2. Nf3 e6 3. g3 b5 4. Bg2 d5 5. O-O Nbd7 6. c3 Bb7 7. Bg5 h6 8. Bxf6
Nxf6 9. Qd3 a6 10. b4 Nd7 11. a4 bxa4 12. Rxa4 c6 13. Ra5 Bd6 14. Nbd2 Bc7 15.
Ra2 a5 16. Nb3 axb4 17. Rxa8 Bxa8 18. cxb4 O-O 19. Qc3 Qe7 20. Ra1 Rb8 21. e3
Qd8 22. Bf1 Qc8 23. Ra7 Bb6 24. Ra1 Bc7 25. Ne1 Bb7 26. Nd3 Bd6 27. Nbc5 Nxc5
28. bxc5 Bc7 29. Nb4 Ra8 30. Kg2 g6 31. Bd3 Bd8 32. Qb2 Rxa1 33. Qxa1 Qa8 34.
Qxa8 Bxa8 35. Ba6 Kf8 36. Nd3 Ke8 37. Ne5 Be7 38. f4 Bd8 39. Kf3 Bf6 40. Bc8
Bg7 41. Bd7+ Ke7 42. Bxc6 Bxe5 43. Bxa8 Bc7 44. Bc6 Ba5 45. Ba4 Bc3 46. Bc2 Kd7
1/2-1/2

[Event "22MCRW_F"]
[Site "?"]
[Date "2010.??.??"]
[Round "?"]
[White "Binas, Jindrich"]
[Black "Novak, Vratislav"]
[Result "1/2-1/2"]
[WhiteElo "2197"]
[BlackElo "2337"]
[PlyCount "79"]
[EventDate "2010.??.??"]
[EventType "corr"]
[EventRounds "1"]
[SourceDate "2010.03.27"]

1. e4 c6 2. d4 d5 3. Nd2 dxe4 4. Nxe4 Nd7 5. Ng5 Ngf6 6. Bd3 e6 7. N1f3 Bd6 8.
Qe2 h6 9. Ne4 Nxe4 10. Qxe4 Nf6 11. Qe2 Qc7 12. Bd2 b6 13. O-O-O Bb7 14. Ne5
Bxe5 15. dxe5 Nd5 16. c4 Ne7 17. Bc3 O-O-O 18. Qg4 g6 19. Qf4 Nf5 20. Bxf5 gxf5
21. Rd6 Qe7 22. h4 Rdg8 23. g3 Rg4 24. Qd2 Rxc4 25. Rd1 Qf8 26. b3 Rc5 27. Rd7
Rd5 28. Rxd5 cxd5 29. Kb2 Qg7 30. a4 Kd7 31. a5 Rc8 32. axb6 axb6 33. Bd4 Qf8
34. Ra1 Rc6 35. h5 Kc7 36. Be3 Qg7 37. Qd4 Kd8 38. Rc1 Kd7 39. Rxc6 Bxc6 40.
Kc1 1/2-1/2

[Event "22MCRW_F"]
[Site "?"]
[Date "2010.??.??"]
[Round "?"]
[White "Binas, Jindrich"]
[Black "Bucek, Jiri"]
[Result "1/2-1/2"]
[WhiteElo "2197"]
[BlackElo "2412"]
[PlyCount "59"]
[EventDate "2010.??.??"]
[EventType "corr"]
[EventRounds "1"]
[SourceDate "2010.03.27"]

1. e4 c5 2. Nf3 d6 3. d4 cxd4 4. Nxd4 Nf6 5. Nc3 g6 6. Be3 Bg7 7. f3 Nc6 8. Qd2
O-O 9. O-O-O d5 10. exd5 Nxd5 11. Nxc6 bxc6 12. Nxd5 cxd5 13. Qxd5 Qc7 14. Qc5
Qb7 15. b3 Bf5 16. Bd3 Rac8 17. Qa5 Rc3 18. Bxf5 Rxe3 19. Be4 Qb8 20. g3 Qc8
21. g4 Re2 22. Kb1 Qb8 23. h4 Rh2 24. Rxh2 Qxh2 25. h5 e6 26. a3 Qh4 27. Ka2
Qf6 28. Rb1 Qd4 29. hxg6 hxg6 30. Qa6 1/2-1/2

[Event "22MCRW_F"]
[Site "?"]
[Date "2010.??.??"]
[Round "?"]
[White "Binas, Jindrich"]
[Black "Hladecek, Miloslav"]
[Result "0-1"]
[WhiteElo "2197"]
[BlackElo "2416"]
[PlyCount "30"]
[EventDate "2010.??.??"]
[EventType "corr"]
[EventRounds "1"]
[SourceDate "2010.03.27"]

1. e4 e6 2. d4 d5 3. Nc3 Nf6 4. Bg5 dxe4 5. Nxe4 Nbd7 6. Nf3 Be7 7. Nxf6+ Bxf6
8. Bxf6 Nxf6 9. Bd3 O-O 10. Qd2 b6 11. O-O-O Bb7 12. Ne5 Qe7 13. Rhg1 c5 14.
dxc5 Qxc5 15. g4 Qxe5 0-1

[Event "22MCRW_F"]
[Site "?"]
[Date "2010.??.??"]
[Round "?"]
[White "Kyhos, Alois"]
[Black "Binas, Jindrich"]
[Result "1-0"]
[WhiteElo "2352"]
[BlackElo "2197"]
[PlyCount "31"]
[EventDate "2010.??.??"]
[EventType "corr"]
[EventRounds "1"]
[SourceDate "2010.03.27"]

1. e4 c5 2. Nf3 d6 3. c3 Nf6 4. Be2 Nbd7 5. d3 b6 6. O-O Bb7 7. Nbd2 g6 8. d4
cxd4 9. cxd4 Bg7 10. Bd3 O-O 11. Re1 e5 12. Nc4 d5 13. Nd6 Nxe4 14. Nxb7 Qb8
15. Ba6 exd4 16. Nxd4 1-0

[Event "22MCRW_F"]
[Site "?"]
[Date "2010.??.??"]
[Round "?"]
[White "Laurenc, Petr"]
[Black "Nejtek, Jiri"]
[Result "1-0"]
[WhiteElo "2349"]
[BlackElo "2449"]
[PlyCount "25"]
[EventDate "2010.??.??"]
[EventType "corr"]
[EventRounds "1"]
[SourceDate "2010.03.27"]

1. d4 d5 2. c4 e6 3. Nf3 Nf6 4. Nc3 c5 5. cxd5 Nxd5 6. e4 Nxc3 7. bxc3 cxd4 8.
cxd4 Nc6 9. Bc4 b5 10. Be2 a6 11. O-O Bb7 12. d5 Na5 13. Bd2 1-0

[Event "22MCRW_F"]
[Site "?"]
[Date "2010.??.??"]
[Round "?"]
[White "Nedoma, Petr"]
[Black "Kuta, Jiri"]
[Result "1/2-1/2"]
[WhiteElo "2395"]
[BlackElo "2410"]
[PlyCount "59"]
[EventDate "2010.??.??"]
[EventType "corr"]
[EventRounds "1"]
[SourceDate "2010.03.27"]

1. e4 e5 2. Nf3 Nc6 3. Bb5 a6 4. Ba4 Nf6 5. O-O Be7 6. Re1 b5 7. Bb3 O-O 8. c3
d5 9. exd5 Nxd5 10. Nxe5 Nxe5 11. Rxe5 c6 12. d4 Bd6 13. Re1 Qh4 14. g3 Qh3 15.
Bxd5 cxd5 16. Qf3 Bf5 17. Qxd5 Rae8 18. Bd2 Bf4 19. Rxe8 Rxe8 20. Qc6 Bd7 21.
Qg2 Qh5 22. f3 Bc6 23. g4 Qh4 24. Qf2 Bxh2+ 25. Qxh2 Re1+ 26. Bxe1 Qxe1+ 27.
Kg2 Qe2+ 28. Kg1 Qe1+ 29. Kg2 Qe2+ 30. Kg1 1/2-1/2

[Event "22MCRW_F"]
[Site "?"]
[Date "2010.??.??"]
[Round "?"]
[White "Schwarz, Jan"]
[Black "Binas, Jindrich"]
[Result "1-0"]
[WhiteElo "2312"]
[BlackElo "2197"]
[PlyCount "27"]
[EventDate "2010.??.??"]
[EventType "corr"]
[EventRounds "1"]
[SourceDate "2010.03.27"]

1. e4 c5 2. Nf3 d6 3. d4 cxd4 4. Nxd4 Nf6 5. Nc3 Nc6 6. Bg5 e6 7. Qd2 Qb6 8.
Nb3 Be7 9. Bxf6 gxf6 10. a4 a6 11. a5 Qc7 12. Na4 Rb8 13. Nb6 Ne5 14. O-O-O 1-0

[Event "22MCRW_F"]
[Site "?"]
[Date "2010.??.??"]
[Round "?"]
[White "Pravec, Ladislav"]
[Black "Nejtek, Jiri"]
[Result "1-0"]
[WhiteElo "2335"]
[BlackElo "2449"]
[PlyCount "27"]
[EventDate "2010.??.??"]
[EventType "corr"]
[EventRounds "1"]
[SourceDate "2010.03.27"]

1. d4 d5 2. c4 e6 3. Nc3 Nf6 4. Nf3 c5 5. cxd5 Nxd5 6. e4 Nxc3 7. bxc3 cxd4 8.
cxd4 Nc6 9. Bc4 b5 10. Be2 a6 11. O-O Bb7 12. d5 Na5 13. Bd2 Bc5 14. Rc1 1-0

[Event "22MCRW_F"]
[Site "?"]
[Date "2010.??.??"]
[Round "?"]
[White "Kyhos, Alois"]
[Black "Sykora, Josef"]
[Result "1/2-1/2"]
[WhiteElo "2352"]
[BlackElo "2351"]
[PlyCount "47"]
[EventDate "2010.??.??"]
[EventType "corr"]
[EventRounds "1"]
[SourceDate "2010.03.27"]

1. e4 c6 2. d4 d5 3. e5 Bf5 4. Nf3 e6 5. Be2 c5 6. Be3 cxd4 7. Nxd4 Ne7 8. c4
Nbc6 9. Qa4 a6 10. O-O dxc4 11. Rd1 Bd3 12. Bxd3 cxd3 13. Rxd3 Qa5 14. Qxa5
Nxa5 15. Nd2 Rc8 16. Ra3 Nac6 17. Nxc6 Rxc6 18. Rb3 Rc7 19. Bb6 Rc2 20. Nf1 Nd5
21. Ne3 Nxe3 22. Bxe3 b5 23. Rc1 Rxc1+ 24. Bxc1 1/2-1/2

[Event "22MCRW_F"]
[Site "?"]
[Date "2010.??.??"]
[Round "?"]
[White "Kyhos, Alois"]
[Black "Valak, Alois"]
[Result "1/2-1/2"]
[WhiteElo "2352"]
[BlackElo "2439"]
[PlyCount "32"]
[EventDate "2010.??.??"]
[EventType "corr"]
[EventRounds "1"]
[SourceDate "2010.03.27"]

1. e4 e5 2. Nf3 Nc6 3. d4 exd4 4. Nxd4 Bc5 5. Be3 Qf6 6. c3 Nge7 7. Bc4 Ne5 8.
Be2 d5 9. O-O O-O 10. f4 Qh6 11. Qd2 Ng4 12. Bxg4 Bxg4 13. f5 Qh5 14. h3 Bxh3
15. gxh3 Qxh3 16. f6 Qg3+ 1/2-1/2

[Event "22MCRW_F"]
[Site "?"]
[Date "2010.??.??"]
[Round "?"]
[White "Nedoma, Petr"]
[Black "Bucek, Jiri"]
[Result "1/2-1/2"]
[WhiteElo "2395"]
[BlackElo "2412"]
[PlyCount "51"]
[EventDate "2010.??.??"]
[EventType "corr"]
[EventRounds "1"]
[SourceDate "2010.03.27"]

1. e4 c5 2. Nf3 Nc6 3. Bb5 d6 4. O-O Bd7 5. Re1 Nf6 6. h3 e6 7. c3 Ne5 8. Bxd7+
Qxd7 9. d4 Nxf3+ 10. Qxf3 cxd4 11. cxd4 d5 12. Nc3 Nxe4 13. Nxe4 dxe4 14. Qxe4
Rd8 15. Bg5 Be7 16. Bxe7 Qxe7 17. Rad1 Rd5 18. Rc1 Qd7 19. Qf4 O-O 20. Rc7 Qb5
21. b3 Qb6 22. Rec1 Rxd4 23. Qe3 Rfd8 24. Qf3 Rd1+ 25. Kh2 f5 26. Qh5 1/2-1/2